Statistics for Top Countries in 2018 Winter Paralympics in Pyeongchang

Click here to take the quiz!

General Stats

  • This quiz has been taken 30 times
  • The average score is 7 of 10

Answer Stats

GoldSilverBronzeTotalMedal Country% Correct
1315836United States
100%
841628Canada
93%
78520France
93%
78419Germany
93%
34310Japan
89%
810624Neutral Paralympic Athletes (Russia)
85%
3317Netherlands
67%
77822Ukraine
48%
44412Belarus
37%
64111Slovakia
19%

Score Distribution

Percentile by Number Answered

Percent of People with Each Score

Your Score History

You have not taken this quiz